| 000 | 00602nam a22002177a 4500 | ||
|---|---|---|---|
| 999 |
_c13922 _d13922 |
||
| 003 | MIRAKIL | ||
| 005 | 20200818152946.0 | ||
| 008 | 200818b tu ||||| |||| 00| 0 tur d | ||
| 020 | _a9753850166 | ||
| 040 |
_aTR-AnCHP _cTR-AnCHP |
||
| 041 | _atur | ||
| 082 |
_a891.73 _bG66b 2000 |
||
| 100 | _aGorki, Maksim | ||
| 245 | 1 | 0 |
_aBenim üniversitelerim/ _cMaksim Gorki; çeviren Gülen Aktaş. |
| 250 | _a7 bs. | ||
| 260 |
_aİstanbul: _bOda Yayınları, _c2000. |
||
| 300 |
_a172 s.: _c19 sm. |
||
| 650 | 0 |
_95112 _aRus Edebiyatı _xRoman |
|
| 700 |
_96421 _aAktaş, Gülen _eçev. |
||
| 942 |
_2ddc _cBKS |
||